[Event "AUT-chT2M 2021"]
[Site "Graz"]
[Date "2021.03.13"]
[Round "2.2"]
[White "Bresch, Manfred"]
[Black "Borhy, Marcell Boldizsar"]
[Result "0-1"]
[WhiteElo "2008"]
[BlackElo "2403"]
[PlyCount "87"]
[EventDate "2021.03.12"]
[EventType "team-tourn"]
[EventRounds "5"]
[EventCountry "AUT"]
[SourceTitle "CBM 201 Extra"]
[Source "ChessBase"]
[SourceDate "2021.05.31"]
[SourceVersion "1"]
[SourceVersionDate "2021.05.31"]
[SourceQuality "1"]
[WhiteTeam "Villach Admira"]
[BlackTeam "Pinggau Friedberg"]
[WhiteTeamCountry "AUT"]
[BlackTeamCountry "AUT"]

1. e4 c5 2. Nf3 b6 3. Bc4 Bb7 4. d3 e6 5. 0-0 Nf6 6. Bg5 d6 7. Nc3 Be7 8. Qe2 0-0 9. Rae1 Nc6 10. a3 a6 11. Bd2 Re8 12. Ba2 Qc7 13. Ng5 h6 14. Nh3 b5 15. f4 b4 16. Nb1 Qb6 17. Be3 d5 18. e5 Nd7 19. Nd2 Qa5 20. Bb3 bxa3 21. bxa3 c4 22. dxc4 d4 23. Bf2 Bxa3 24. Ra1 Qc5 25. Ne4 Qe7 26. Rfd1 Red8 27. Rd3 Nc5 28. Nxc5 Bxc5 29. Qg4 Qf8 30. Bh4 Ne7 31. Kh1 Rd7 32. Rad1 Nf5 33. Bf2 Rc7 34. Ng1 Qe8 35. Ne2 Be4 36. Rh3 Ne3 37. Bxe3 Bf5 38. Qf3 Bxh3 39. Bxd4 Bf5 40. Bc3 a5 41. Ba4 Rd8 42. Rxd8 Qxd8 43. Ng3 Rb7 44. Qf1 0-1